|
|
|
|
| LEADER |
00000naa2a2200000 4500 |
| 001 |
678858 |
| 005 |
20250318110736.0 |
| 090 |
|
|
|a 678858
|
| 100 |
|
|
|a 20250227d2024 k||y0rusy50 ca
|
| 101 |
0 |
|
|a rus
|
| 102 |
|
|
|a RU
|
| 135 |
|
|
|a drcn ---uucaa
|
| 200 |
1 |
|
|a Анализ топологий ветроэнергетических установок, подключаемых к энергосистеме
|f Ж. В. Ефременко
|g науч. рук. А. Б. Аскаров
|
| 283 |
|
|
|2 RDAcarrier
|
| 320 |
|
|
|a Список литературы: 9 назв
|
| 336 |
|
|
|a Текстовый файл
|
| 463 |
|
1 |
|0 678854
|9 678854
|t Бутаковские чтения
|o сборник статей IV Всероссийской с международным участием молодёжной конференции, 10-12 декабря 2024 г., Томск
|n Изд-во ТПУ
|c Томск
|d 2024
|a Ивашутенко, А. С. (специалист в области электротехники ; 1981-)
|u conference_tpu-2024-C133.pdf
|v С. 22-26
|
| 545 |
1 |
|
|a Цифровизация в электроэнергетике и интеллектуальные энергосистемы
|
| 610 |
1 |
|
|a труды учёных ТПУ
|
| 610 |
1 |
|
|a электронный ресурс
|
| 610 |
1 |
|
|a ветроэнергетические установки
|
| 610 |
1 |
|
|a топологии
|
| 610 |
1 |
|
|a энергосистемы
|
| 700 |
|
1 |
|a Ефременко
|b Ж. В.
|
| 702 |
|
1 |
|a Аскаров
|b А. Б.
|c специалист в области электроэнергетики
|c инженер-исследователь Томского политехнического университета
|f 1994-
|g Алишер Бахрамжонович
|4 727
|
| 801 |
|
0 |
|a RU
|b 63413507
|c 20250227
|
| 850 |
|
|
|a 63413507
|
| 856 |
4 |
|
|u http://earchive.tpu.ru/handle/11683/85002
|z http://earchive.tpu.ru/handle/11683/85002
|
| 942 |
|
|
|c CF
|